| 000 | 01204nam a2200313 i 4500 | ||
|---|---|---|---|
| 001 | 8220 | ||
| 003 | ES-MaACL | ||
| 005 | 20250823063026.0 | ||
| 007 | t| | ||
| 008 | 920309s1991 mx ||||1| spa d | ||
| 020 | _a968-36-1940-1 | ||
| 080 | _a86.0(72)-6"19" | ||
| 080 | _a86.0(72)(Guzmán,M.L.3.01) | ||
| 080 | _a86.0(72)(Reyes,A.3.01) | ||
| 100 | 1 |
_aGuzmán, Martín Luis, _d1887-1976 _961297 |
|
| 245 | 1 | 0 |
_aMedias palabras : _bcorrespondencia 1913-1959 / _cGuzmán - Reyes ; edición, prólogo (epistolar), notas y apéndice documental, Fernando Curiel. |
| 250 | _a1ª ed. | ||
| 260 |
_aMéxico : _bUniversidad Nacional Autónoma, _c1991. |
||
| 300 |
_a205 p. ; _c24 cm. |
||
| 490 | 1 |
_aNueva biblioteca mexicana ; _v104 |
|
| 600 | 1 | 4 |
_aGuzmán, Martín Luis, _d1887-1976- _xCorrespondencia _961298 |
| 600 | 1 | 4 |
_aReyes, Alfonso, _d1889-1959- _vCorrespondencia _996556 |
| 700 | 1 |
_aReyes, Alfonso, _d1889-1959 _996554 |
|
| 700 | 1 |
_aCuriel, Fernando. _942216 |
|
| 710 | 2 |
_aUniversidad Nacional Autónoma de México. _97397 |
|
| 830 | 1 |
_aNueva biblioteca mexicana ; _v104 _9227962 |
|
| 852 | 4 |
_aES-MaACL _jL-15472 _z- Dedicatoria autógrafa del ed. lit. |
|
| 999 |
_c8220 _d8220 |
||